000 05182cam a2200445 i 4500
001 GVRL923J
003 MiFhGG
005 20250820004429.0
006 m o d
007 cr un ---uuuua
008 180831t20192019pauag o 000 0 eng d
020 _a9781522580430
_q(electronic book)
020 _z9781522580423
_q(hardcover)
035 _a(OCoLC)1176256141
040 _aMiFhGG
_beng
_cMiFhGG
_erda
_epn
050 4 _aMT3.J2
_bC36 2019
245 0 0 _aCases on kyosei practice in music education /
_cRichard Keith Gordon and Taichi Akutsu, editors.
264 1 _aHershey, Pennsylvania :
_bInformation Science Reference,
_c[2019]
264 4 _c�2019
300 _a1 online resource (xxxi, 296 pages) :
_billustrations, music.
336 _atext
_btxt
_2rdacontent
337 _acomputer
_bc
_2rdamedia
338 _aonline resource
_bcr
_2rdacarrier
490 1 _aAdvances in early childhood and K-12 education (AECKE) book series,
_x2329-5929
490 0 _aGale eBooks
505 0 _achapter 1. The seisa model for teacher license renewal (TLR) in Japan: an action research project to develop Kyosei in the arts curriculum / Richard Keith Gordon, Seisa University, Japan & California State University, USA -- chapter 2. Bring the power of music into education: a goal free/interdisciplinary approach of teaching and learning in PreK-12 classrooms / Taichi Akutsu, Shujitsu University, Japan & Seisa University, Japan, Kazuya Amano, Seisa University, Japan, Kimie Hirahara, Seisa University, Japan, Kumiko Kishi, Seisai University, Japan, Eriko Osuga, Seisa University, Japan, Hirotaka Terada, Seisa University, Japan, Machiko Yoda, Seisa University, Japan -- chapter 3. Japanese special high school students' reflections on 9-11: reflective practice of violin group instruction / Shizuka Sutani, Fukuoka Women's Junior College, Japan, Taichi Akutsu, Shujitsu University, Japan & Seisa University, Japan -- chapter 4. Intercultural understanding of music for Kyosei living: a case study on multicultural music education in an American primary school / Koji Matsunobu, The Education University of Hong Kong, Hong Kong -- chapter 5. Exploring collaborative and creative learning experience through playing Ocarina ensemble in Chinese public schools / Danqing Zhou, University of Northern Colorado, USA -- chapter 6. Traditional music in Japanese music education: a practical research of Shakuhachi Japanese bamboo flute and lesson plans / Kensho Takeshi, Tokyo Gakugei University, Japan -- chapter 7. Exploring the collaborative musical experience of Swedish Bunne� method in japan: a case study towards the development of universal design in musical experience / Akiko Fujibayashi, Bunne Japan Co. Ltd., Japan -- chapter 8. Japanese voice-rhythm ensemble practice by using Gordon's instructional template (it): a case in developing world music perspectives / Shizuka Sutani, Fukuoka Women's Junior College, Japan, Richard Keith Gordon, Seisa University, Japan & California State University, USA -- chapter 9. Singing together and living together: all Shujitsu international music festival with NYU singers / Nancy Shankman, New York University, USA, Ira Shankman, New York University, USA, Laurence Dante, Shujitsu University, Japan, Tohru Nakanishi, Shujitsu University, Japan, Shinsaku Sugiyama, Shujitsu University, Japan -- chapter 10. How Tabidachinohini was created in a middle school in Chichibu in Japan / Takao Matsui, Seitoku University, Japan -- chapter 11. Music composition and Kyosei: advancing practice through teaching- learning partnerships / Michele Ellen Kaschub, University of Southern Maine, USA -- chapter 12. A Japanese teacher education course in creative composition project for non-music majors: challenging creativity and collaboration / Akira Ito, Okinawa Prefectural Arts University, Japan, Yoko Tsuji, Okayama Prefectural University, Japan, Taichi Akutsu, Shujitsu University, Japan & Seisa University, Japan -- chapter 13. How to make an impression of classical music on students: introduction of a trial using musical quotations / Tohru Nakanishi, Shujitsu University, Japan.
520 _aThis book discusses the meaning and significance of music making as a human and social practice, as well as reflecting creative inquiry into practical aspects of music and arts teaching. It features research on topics such as multicultural music, community music, and sociological perspectives.
588 _aDescription based on print version record.
650 0 _aMusic
_xInstruction and study
_zJapan.
650 0 _aMusic
_xInstruction and study.
650 0 _aGroup work in education.
700 1 _aGordon, Richard K.,
_d1948-
_eeditor.
700 1 _aAkutsu, Taichi,
_d1978-
_eeditor.
710 2 _aGale (Firm)
776 0 8 _iPrint version:
_tCases on kyosei practice in music education.
_dHershey PA : Information Science Reference, [2019]
_z9781522580423
_w(DLC) 2018042409
830 0 _aAdvances in early childhood and K-12 education (AECKE) book series.
856 4 0 _uhttps://link.gale.com/apps/pub/923J/GVRL?sid=gale_marc&u=phurs
_zAvailable via Gale eBooks. Click here to access
912 _a923J
942 _2lcc
_cE-BOOK
999 _c84208
_d84206